Λευκή φρουρά

Αποθηκεύτηκε σε:
Λεπτομέρειες βιβλιογραφικής εγγραφής
Κύριος συγγραφέας: Bulgakov, Mikhail, 1891-1940
Άλλοι συγγραφείς: Φραγκιάς, Αντρέας, 1921-2002 (Μεταφραστής)
Μορφή: Βιβλίο
Γλώσσα:Greek
Russian
Δημοσίευση: [Αθήναι] : [Σμυρνιώτης], [1971].
Σειρά:Ξένη λογοτεχνία (Σμυρνιώτης)
Θέματα:
Ετικέτες: Προσθήκη ετικέτας
Δεν υπάρχουν, Καταχωρήστε ετικέτα πρώτοι!

MARC

LEADER 00000cam a2200000 i 4500
001 1/95097
008 081008s1971 gr | ||| |||| ||gre||
035 |l 10100723 
040 |a GR-MY-UA  |b gre  |e aacr 
041 1 |a gre  |h rus 
082 7 |a 891.7342   |2 (22) 
100 1 |a Bulgakov, Mikhail,   |d 1891-1940. 
245 1 0 |a Λευκή φρουρά /   |c Μιχ. Μπουλγκακώφ ; μετάφραση: Αντρέα Φραγκιά.  
260 |a [Αθήναι] :   |b [Σμυρνιώτης],   |c [1971].  
300 |a 352 σ. ;   |c 21 εκ. 
490 1 |a (Ξένη λογοτεχνία / Σμυρνιώτης) 
650 0 0 |a War stories. 
650 0 0 |a Russian drama. 
650 0 |a Historical fiction, Russian. 
651 0 |a Ukraine  |x History  |x Fiction. 
700 1 |a Φραγκιάς, Αντρέας,   |d 1921-2002,  |e trl 
830 0 |a Ξένη λογοτεχνία (Σμυρνιώτης) 
852 |a INST  |b RHODES  |c AKA  |e 20081008  |h  891.7342 BUL  |p 005400030884  |q 005400030884  |t BK  |y 0 
901 |a BIBL4-2008-3 
970 |a ΚΟΖΑ  |b ΜΑΡΙΑ  |z 2008/10/08